| 000 | 01344cam a22003014i 4500 | ||
|---|---|---|---|
| 001 | 17446121 | ||
| 005 | 20200129130600.0 | ||
| 008 | 120829t20132012nyu bk 001 0ceng | ||
| 010 | _a 2012035454 | ||
| 020 | _a9780670026623 (alk. paper) | ||
| 040 |
_aDLC _beng _cDLC _erda _dDLC |
||
| 042 | _apcc | ||
| 043 | _an-us--- | ||
| 050 | 0 | 0 |
_aML420.S77 _bH28 2013 |
| 082 | 0 | 0 |
_a782.42166092 _aB _223 |
| 100 | 1 |
_aHeylin, Clinton. _91702 |
|
| 245 | 1 | 0 |
_aE Street shuffle : _bthe glory days of Bruce Springsteen & the E Street Band / _cClinton Heylin. |
| 250 | _aFirst American edition. | ||
| 300 |
_a336 pages ; _c24 cm |
||
| 504 | _aIncludes discography (pages 315-318), bibliographical references (pages 305-314) and index. | ||
| 505 | 0 | _a1971-72 : songs about cars & girls -- Hammond's (other) folly -- 1974-75 : trading in wings for wheels -- 1975-77 : cashed in a few of my dreams -- 1977-78 : chasing something in the night -- 1978-79 : the ties that bind -- 1980-81 : take me to the river -- 1981-82 : reasons to believe -- 1982-84 : growin' up -- 1984-88 : none but the brave. | |
| 600 | 1 | 0 |
_aSpringsteen, Bruce. _91703 |
| 610 | 2 | 0 |
_aE Street Band. _91704 |
| 650 | 0 |
_aRock musicians _zUnited States _vBiography. _91705 |
|
| 906 |
_a7 _bcbc _corignew _d1 _eecip _f20 _gy-gencatlg |
||
| 942 |
_2ddc _cBK |
||
| 999 |
_c1 _d1 |
||